Loading...
Chandrakaantha
| Main Authors: | , |
|---|---|
| Format: | Printed Book |
| Published: |
Aluva, Pen books
1997
|
| Series: | 4
|
| LEADER | 004650000a22001570004500 | ||
|---|---|---|---|
| 040 | |a MAL | ||
| 082 | |a 891.433 DEV/C 32N6.4 | ||
| 100 | |a Babu, A G; Ed | ||
| 100 | |a Devaki Nandan Khathri | ||
| 245 | |a Chandrakaantha | ||
| 260 | |a Aluva, Pen books | ||
| 260 | |c 1997 | ||
| 465 | |a R 95 | ||
| 490 | |a 4 | ||
| 999 | |c 24549 |d 24549 | ||
| 952 | |0 0 |1 0 |4 0 |6 891_433000000000000_DEVC_32N6_ |7 0 |8 MAL |9 24373 |a MGUL |b MGUL |d 2013-07-16 |e R 95 |l 0 |o 891.433 DEV/C 32N6.4 |p 27436 |r 2013-07-16 |w 2013-07-16 |y BK | ||